[Event "2. BUNDESLIGA MITTE 2019/2020"]
[Site "Taufkirchen"]
[Date "2019.11.08"]
[Round "4"]
[Board "2"]
[White "Schachinger, Mario"]
[Black "Gelbenegger, Patrick"]
[Result "1/2-1/2"]
[WhiteElo "2402"]
[BlackElo "2259"]
[PlyCount "84"]
[EventDate "2019.10.11"]
[EventType "team"]
[EventRounds "11"]
[EventCountry "AUT"]
[WhiteTeam "Frauental"]
[BlackTeam "SPG Nettingsdorf/Traun"]

1. d4 d5 2. c4 e6 3. Nc3 c6 4. e4 dxe4 5. Nxe4 Nf6 6. Nxf6+ Qxf6 7. Nf3 Bb4+ 8.
Bd2 Bxd2+ 9. Qxd2 O-O 10. Bd3 Nd7 11. Qe3 c5 12. O-O-O cxd4 13. Qxd4 Qxd4 14.
Nxd4 Nc5 15. Bc2 a5 16. Nb3 Na6 17. Rd6 Re8 18. Re1 Kf8 19. a3 Ke7 20. Rd2 a4
21. Nd4 Nc5 22. Nf5+ Kf8 23. Nd6 Rd8 24. Ne4 Rxd2 25. Kxd2 Nxe4+ 26. Bxe4 Bd7
27. Kc3 Rb8 28. Kb4 b6 29. f4 h5 30. g3 g6 31. Bc2 Ra8 32. h3 Ke7 33. g4 h4 34.
Be4 Ra5 35. Rd1 Be8 36. Bf3 g5 37. fxg5 Rxg5 38. Re1 Ra5 39. Kc3 Rc5 40. Kb4
Ra5 41. Re3 Bd7 42. Bd1 Bc6  1/2-1/2

[Event "2. BUNDESLIGA MITTE 2019/2020"]
[Site "Taufkirchen"]
[Date "2019.11.08"]
[Round "4"]
[Board "4"]
[White "Khalakhan, Jurij"]
[Black "Schloffer, Jasmin-Denise"]
[Result "1/2-1/2"]
[WhiteElo "2249"]
[BlackElo "2084"]
[PlyCount "44"]
[EventDate "2019.10.11"]
[EventType "team"]
[EventRounds "11"]
[EventCountry "AUT"]
[WhiteTeam "Frauental"]
[BlackTeam "SPG Nettingsdorf/Traun"]

1. e4 e5 2. Nf3 Nc6 3. Bc4 Bc5 4. b4 Bxb4 5. c3 Ba5 6. d4 d6 7. Qb3 Qd7 8. Nbd2
Bb6 9. O-O Na5 10. Qc2 Ne7 11. dxe5 Ng6 12. exd6 O-O 13. dxc7 Qxc7 14. Bd5 Bg4
15. h3 Bxh3 16. gxh3 Qg3+ 17. Kh1 Qxh3+ 18. Nh2 Nf4 19. Rg1 Nd3 20. Rf1 Nf4 21.
Rg1 Nd3 22. Rf1 Nf4  1/2-1/2

[Event "2. BUNDESLIGA MITTE 2019/2020"]
[Site "Taufkirchen"]
[Date "2019.11.08"]
[Round "4"]
[Board "5"]
[White "Charaus, Florian"]
[Black "Ebner, Hubert"]
[Result "1/2-1/2"]
[WhiteElo "2039"]
[BlackElo "2210"]
[PlyCount "105"]
[EventDate "2019.10.11"]
[EventType "team"]
[EventRounds "11"]
[EventCountry "AUT"]
[WhiteTeam "SPG Nettingsdorf/Traun"]
[BlackTeam "Frauental"]

1. c4 g6 2. e4 c5 3. Nc3 Bg7 4. Nf3 Nc6 5. d3 d6 6. Be3 Bg4 7. Be2 Nf6 8. Qd2
O-O 9. h3 Bxf3 10. Bxf3 Rb8 11. Be2 a6 12. a4 Nd4 13. Rb1 Nb3 14. Qc2 Nd4 15.
Qd2 Nb3 16. Qc2 Nd4 17. Qd1 Nd7 18. O-O Nc6 19. Qd2 Nf6 20. f4 Ne8 21. Bf3 Nc7
22. Ne2 b5 23. axb5 axb5 24. b3 Qd7 25. Bg4 Qd8 26. f5 Ne8 27. Bf3 Nf6 28. g4
Nd7 29. h4 Nce5 30. cxb5 Rxb5 31. Nc3 Nxf3+ 32. Rxf3 Rb7 33. Nd5 Ne5 34. Rg3 e6
35. Nf4 Qxh4 36. Qg2 h5 37. gxh5 Nxd3 38. Nxd3 c4 39. Rh3 Qf6 40. Rf1 cxd3 41.
fxg6 Qc3 42. Rg3 fxg6 43. h6 Rxf1+ 44. Qxf1 Rf7 45. h7+ Kf8 46. Bf2 Bd4 47.
h8=R+ Bxh8 48. Rxd3 Qe5 49. Qg2 Qa1+ 50. Qf1 Qe5 51. Qg2 Qa1+ 52. Qf1 Qe5 53.
Qg2  1/2-1/2

[Event "2. BUNDESLIGA MITTE 2019/2020"]
[Site "Taufkirchen"]
[Date "2019.11.08"]
[Round "4"]
[Board "6"]
[White "Steiner, Stefan"]
[Black "Modric, Milos"]
[Result "1/2-1/2"]
[WhiteElo "2298"]
[BlackElo "1936"]
[PlyCount "79"]
[EventDate "2019.10.11"]
[EventType "team"]
[EventRounds "11"]
[EventCountry "AUT"]
[WhiteTeam "Frauental"]
[BlackTeam "SPG Nettingsdorf/Traun"]

1. Nf3 e6 2. d4 Nf6 3. g3 d5 4. c4 Be7 5. Bg2 O-O 6. O-O dxc4 7. Qc2 a6 8. Qxc4
b5 9. Qc2 Bb7 10. Bg5 Nbd7 11. Bxf6 Nxf6 12. Nbd2 Rc8 13. Nb3 Be4 14. Qc3 Nd5
15. Qd2 c5 16. dxc5 Bxc5 17. Nxc5 Rxc5 18. Rfc1 Rxc1+ 19. Rxc1 Qb6 20. Ne5 Bxg2
21. Nd7 Qb7 22. Nxf8 Kxf8 23. Qd4 f5 24. Qh4 Nf6 25. f3 Bxf3 26. exf3 Qxf3 27.
Qg5 Qb7 28. Qe3 Ne4 29. Qd4 Kf7 30. Qd8 Kg6 31. Qe8+ Kf6 32. Rc6 Qa7+ 33. Kh1
Nf2+ 34. Kg2 Qe3 35. Qd8+ Kg6 36. Qe8+ Kf6 37. Qd8+ Kg6 38. Qe8+ Kf6 39. Qf8+
Kg6 40. Qe8+  1/2-1/2

[Event "2. BUNDESLIGA MITTE 2019/2020"]
[Site "Taufkirchen"]
[Date "2019.11.08"]
[Round "4"]
[Board "1"]
[White "Csonka, Balazs"]
[Black "Rogic, Davor"]
[Result "1/2-1/2"]
[WhiteElo "2481"]
[BlackElo "2494"]
[PlyCount "66"]
[EventDate "2019.10.11"]
[EventType "team"]
[EventRounds "11"]
[EventCountry "AUT"]
[WhiteTeam "Schachfreunde Graz"]
[BlackTeam "SV Aspernig Transporte St. Veit 2"]

1. d4 d5 2. Nf3 Nf6 3. Bf4 g6 4. Nc3 c6 5. e3 Bg7 6. Be2 Nbd7 7. h3 O-O 8. O-O
b5 9. Ne5 Bb7 10. Re1 Nb6 11. a4 a6 12. Bf3 Nfd7 13. Nxd7 Qxd7 14. axb5 axb5
15. Bh2 Rxa1 16. Qxa1 Ra8 17. Qd1 e6 18. Ne2 Qe7 19. Nc1 c5 20. Nb3 Na4 21.
Nxc5 Nxc5 22. dxc5 Qxc5 23. c3 Ra2 24. Qb3 Qc4 25. Qxc4 bxc4 26. Rb1 Bc6 27.
Bd1 e5 28. Bg3 d4 29. cxd4 exd4 30. exd4 Bxd4 31. Be2 Bb5 32. Rc1 Rxb2 33. Bxc4
Bxc4  1/2-1/2

[Event "2. BUNDESLIGA MITTE 2019/2020"]
[Site "Taufkirchen"]
[Date "2019.11.08"]
[Round "4"]
[Board "2"]
[White "Drnovsek, Gal"]
[Black "Gajek, Radoslaw"]
[Result "0-1"]
[WhiteElo "2394"]
[BlackElo "2422"]
[PlyCount "150"]
[EventDate "2019.10.11"]
[EventType "team"]
[EventRounds "11"]
[EventCountry "AUT"]
[WhiteTeam "SV Aspernig Transporte St. Veit 2"]
[BlackTeam "Schachfreunde Graz"]

1. d4 e6 2. c4 Nf6 3. Nc3 Bb4 4. e3 O-O 5. Bd2 c5 6. a3 Bxc3 7. Bxc3 Ne4 8. Ne2
b6 9. d5 d6 10. Qd3 Nxc3 11. Nxc3 e5 12. g3 f5 13. Bg2 e4 14. Qe2 Nd7 15. f4
exf3 16. Bxf3 Ne5 17. O-O Ba6 18. b3 Qg5 19. Rae1 Rae8 20. Bg2 Bc8 21. Nb5 Ng4
22. Rf3 Qh6 23. h3 Ne5 24. Rff1 Re7 25. Qd2 Rf6 26. Nc3 Rg6 27. Ne2 Nf7 28. Rf4
Ng5 29. h4 Ne4 30. Bxe4 Rxe4 31. Kh2 Rg4 32. Rxg4 Rxg4 33. Nf4 g5 34. Ng2 a6
35. Rf1 Re4 36. Kg1 Rg4 37. Kh2 Bd7 38. a4 Re4 39. Kg1 gxh4 40. gxh4 Rg4 41.
Kh2 Qf6 42. Rf4 Qe5 43. Kh1 Rg6 44. Kh2 b5 45. cxb5 axb5 46. a5 Bc8 47. Ne1 Bb7
48. Nf3 Qxd5 49. Qxd5+ Bxd5 50. Rxf5 Bxb3 51. Nd2 Be6 52. a6 Bc8 53. h5 Rg4 54.
Rd5 Bxa6 55. Rxd6 Ra4 56. Nb3 c4 57. Nc5 Ra2+ 58. Kg3 b4 59. Nxa6 b3 60. Rb6
Rxa6 61. Rxa6 b2 62. Rb6 c3 63. Kg4 c2 64. Rxb2 c1=Q 65. Rb8+ Kg7 66. Rb7+ Kf6
67. Rxh7 Qxe3 68. Rh8 Qd4+ 69. Kf3 Qd5+ 70. Kg4 Qd7+ 71. Kh4 Kg7 72. Rb8 Qd4+
73. Kh3 Qe3+ 74. Kg2 Qe4+ 75. Kg1 Qg4+  0-1

[Event "2. BUNDESLIGA MITTE 2019/2020"]
[Site "Taufkirchen"]
[Date "2019.11.08"]
[Round "4"]
[Board "3"]
[White "Huber, Martin Christian"]
[Black "Mazi, Leon"]
[Result "1/2-1/2"]
[WhiteElo "2343"]
[BlackElo "2326"]
[PlyCount "147"]
[EventDate "2019.10.11"]
[EventType "team"]
[EventRounds "11"]
[EventCountry "AUT"]
[WhiteTeam "Schachfreunde Graz"]
[BlackTeam "SV Aspernig Transporte St. Veit 2"]

1. Nf3 d5 2. g3 c6 3. Bg2 Nf6 4. O-O Bf5 5. c4 e6 6. cxd5 cxd5 7. Qb3 Qb6 8.
Qxb6 axb6 9. Nc3 Nc6 10. d3 h6 11. a3 Bc5 12. Bf4 O-O 13. b4 Be7 14. Nb5 Ne8
15. Rfc1 Bf6 16. Rab1 e5 17. Bd2 Bd7 18. Ne1 Be6 19. Nc2 Be7 20. Ne3 Rd8 21. f4
f6 22. f5 Bf7 23. Kf2 Rd7 24. g4 Kh7 25. h4 Bd8 26. Rb2 h5 27. gxh5 d4 28. Nf1
Ne7 29. Ng3 Nd5 30. Rbc2 Nf4 31. Bf3 Bb3 32. Rc8 Be7 33. Ra8 Nd6 34. Rxf8 Bxf8
35. Nxd6 Bxd6 36. Ne4 Be7 37. Bxf4 exf4 38. Rc8 Bf7 39. Nd2 b5 40. Rb8 Bd6 41.
Rxb7 Rxb7 42. Bxb7 Be8 43. Nb3 Be5 44. Bf3 Bd7 45. Be4 Be8 46. Nc5 f3 47. Bxf3
Bf4 48. Ne6 Be3+ 49. Kg3 Bc1 50. Nxd4 Bxa3 51. Bc6 Bxh5 52. Bxb5 Bxb4 53. Nf3
Bd6+ 54. Kf2 Bxf3 55. Kxf3 Kg8 56. Bc4+ Kf8 57. Kg4 Ke7 58. Kh5 Bg3 59. Kg4 Bf2
60. h5 Kd6 61. Kf3 Bg1 62. e3 Ke5 63. Be6 Kd6 64. d4 Ke7 65. Ke4 Kd6 66. Kd3
Ke7 67. e4 Bh2 68. Bg8 Kf8 69. Be6 Ke7 70. Kc4 Kd6 71. Bg8 Bf4 72. Bf7 Bh6 73.
Bg6 Bf4 74. Bf7  1/2-1/2

[Event "2. BUNDESLIGA MITTE 2019/2020"]
[Site "Taufkirchen"]
[Date "2019.11.08"]
[Round "4"]
[Board "4"]
[White "Dietmayer-Kraeutler, Marco"]
[Black "Kravanja, Georg"]
[Result "1/2-1/2"]
[WhiteElo "2342"]
[BlackElo "2282"]
[PlyCount "48"]
[EventDate "2019.10.11"]
[EventType "team"]
[EventRounds "11"]
[EventCountry "AUT"]
[WhiteTeam "SV Aspernig Transporte St. Veit 2"]
[BlackTeam "Schachfreunde Graz"]

1. d4 Nf6 2. c4 e6 3. Nc3 d5 4. cxd5 exd5 5. Bg5 Be7 6. e3 O-O 7. Bd3 c6 8.
Nge2 Nbd7 9. O-O Re8 10. Ng3 h6 11. Bf4 Nf8 12. Nf5 Bxf5 13. Bxf5 Bd6 14. Ne2
Ne4 15. Qc2 Qf6 16. Bxe4 Rxe4 17. Ng3 Ree8 18. Bxd6 Qxd6 19. Rfc1 Nd7 20. Nh5
Re4 21. Ng3 Ree8 22. Nh5 Re4 23. Ng3 Ree8 24. Nh5 Re4  1/2-1/2

[Event "2. BUNDESLIGA MITTE 2019/2020"]
[Site "Taufkirchen"]
[Date "2019.11.08"]
[Round "4"]
[Board "5"]
[White "Eder, Matthias"]
[Black "Ragger, Anna-Christina"]
[Result "1-0"]
[WhiteElo "2168"]
[BlackElo "2238"]
[PlyCount "79"]
[EventDate "2019.10.11"]
[EventType "team"]
[EventRounds "11"]
[EventCountry "AUT"]
[WhiteTeam "Schachfreunde Graz"]
[BlackTeam "SV Aspernig Transporte St. Veit 2"]

1. e4 c6 2. d3 d5 3. Nd2 Qc7 4. Ngf3 Bg4 5. h3 Bh5 6. exd5 cxd5 7. g4 Bg6 8.
Nh4 e6 9. Bg2 Nc6 10. O-O Be7 11. Nxg6 hxg6 12. a3 Nf6 13. Nf3 Bc5 14. d4 Bd6
15. Re1 Ne4 16. c4 O-O 17. c5 Bf4 18. b4 a6 19. Bxf4 Qxf4 20. Qc1 Qf6 21. Qe3
b5 22. Ne5 Nxe5 23. dxe5 Qh4 24. Bxe4 dxe4 25. Qg3 Qxg3+ 26. fxg3 Rfd8 27. Red1
Kf8 28. Kf2 Rd5 29. Rxd5 exd5 30. Ke3 Ke7 31. a4 Rh8 32. h4 Rb8 33. Kd4 a5 34.
axb5 Rxb5 35. bxa5 Ke6 36. a6 Rb4+ 37. Kc3 Rb8 38. a7 Ra8 39. Kd4 e3 40. Ra6+
 1-0

[Event "2. BUNDESLIGA MITTE 2019/2020"]
[Site "Taufkirchen"]
[Date "2019.11.08"]
[Round "4"]
[Board "6"]
[White "Polterauer, Chiara"]
[Black "Kristoferitsch, Daniel"]
[Result "1-0"]
[WhiteElo "2172"]
[BlackElo "2108"]
[PlyCount "65"]
[EventDate "2019.10.11"]
[EventType "team"]
[EventRounds "11"]
[EventCountry "AUT"]
[WhiteTeam "SV Aspernig Transporte St. Veit 2"]
[BlackTeam "Schachfreunde Graz"]

1. e4 c5 2. Nf3 e6 3. d4 cxd4 4. Nxd4 Nf6 5. Nc3 Nc6 6. Be3 Bb4 7. Nxc6 bxc6 8.
Qf3 d5 9. exd5 cxd5 10. Bb5+ Bd7 11. Bxd7+ Nxd7 12. O-O Bxc3 13. bxc3 O-O 14.
Qg3 Qe7 15. Rab1 Nc5 16. f3 Rfc8 17. Rb4 f6 18. Rfb1 e5 19. Qf2 Ne6 20. Qd2 Rd8
21. h3 Qd6 22. Rb7 Qa3 23. R1b3 Qxa2 24. Re7 d4 25. cxd4 Nxd4 26. Bxd4 Rxd4 27.
Qc3 Rd1+ 28. Kh2 Qa1 29. Qc4+ Kh8 30. Qf7 Rh1+ 31. Kg3 Qe1+ 32. Kg4 f5+ 33.
Kxf5  1-0

[Event "2. BUNDESLIGA MITTE 2019/2020"]
[Site "Taufkirchen"]
[Date "2019.11.08"]
[Round "4"]
[Board "1"]
[White "Heinemann, Thies"]
[Black "Renner, Christoph"]
[Result "0-1"]
[WhiteElo "2501"]
[BlackElo "2311"]
[PlyCount "104"]
[EventDate "2019.10.11"]
[EventType "team"]
[EventRounds "11"]
[EventCountry "AUT"]
[WhiteTeam "EJ Gleisdorf"]
[BlackTeam "SPG Sauwald"]

1. e4 e6 2. d4 d5 3. Nd2 a6 4. Ngf3 c5 5. exd5 exd5 6. Be2 Nf6 7. O-O cxd4 8.
Nb3 Be7 9. Nbxd4 O-O 10. c3 Re8 11. Bf4 Nc6 12. Rc1 Bg4 13. h3 Bh5 14. Be3 Bd6
15. Nf5 Bb8 16. N3d4 Qc7 17. g3 Bg6 18. Bd3 Qd7 19. Kg2 Ne5 20. Bb1 Ne4 21.
Bxe4 dxe4 22. Nh4 Ba7 23. Qe2 Bxd4 24. Nxg6 Nd3 25. Bxd4 Nxc1 26. Rxc1 hxg6 27.
Qe3 Rac8 28. Rd1 Qa4 29. Ra1 Rcd8 30. b3 Qc6 31. a4 Rd5 32. Re1 Rf5 33. Kg1 Rf3
34. Qg5 Qe6 35. Kg2 Rf5 36. Qg4 Qxb3 37. Kg1 Qxa4 38. Rxe4 Qc6 39. Rxe8+ Qxe8
40. Qd1 Rb5 41. Kh2 Qe4 42. Be3 Kh7 43. g4 Qe5+ 44. Kg1 Qxc3 45. Qd8 Rb1+ 46.
Kg2 Qf6 47. Qd3 Qc6+ 48. Kg3 Rg1+ 49. Kf4 Qf6+ 50. Ke4 Ra1 51. Ba7 b6 52. Ke3
Re1+  0-1

[Event "2. BUNDESLIGA MITTE 2019/2020"]
[Site "Taufkirchen"]
[Date "2019.11.08"]
[Round "4"]
[Board "2"]
[White "Testor, Sebastian"]
[Black "Frosch, Ronald"]
[Result "1/2-1/2"]
[WhiteElo "2332"]
[BlackElo "2261"]
[PlyCount "137"]
[EventDate "2019.10.11"]
[EventType "team"]
[EventRounds "11"]
[EventCountry "AUT"]
[WhiteTeam "SPG Sauwald"]
[BlackTeam "EJ Gleisdorf"]

1. d4 d5 2. c4 e6 3. Nf3 Nf6 4. Nc3 Be7 5. Bf4 O-O 6. e3 c6 7. a3 Nbd7 8. Bd3
dxc4 9. Bxc4 b5 10. Be2 a6 11. O-O c5 12. d5 Nxd5 13. Nxd5 exd5 14. Qxd5 Ra7
15. a4 b4 16. Rfd1 a5 17. Qb3 Qb6 18. Bc4 Ba6 19. Ne5 Nxe5 20. Bxe5 Qg6 21.
Bxa6 Rxa6 22. Qc4 Re6 23. Rd5 Re8 24. b3 Bf8 25. Bg3 h5 26. h3 Rxe3 27. fxe3
Qxg3 28. Rf1 Qxe3+ 29. Kh1 Re4 30. Qc2 c4 31. bxc4 b3 32. Qf2 Qxf2 33. Rxf2 Ba3
34. Rb5 b2 35. Rfxb2 Bxb2 36. Rxb2 Rxc4 37. Rb8+ Kh7 38. Rb5 Rxa4 39. Rxh5+ Kg6
40. Rb5 f5 41. Kh2 Kg5 42. Rb7 g6 43. Ra7 Kf4 44. Ra6 g5 45. Ra8 Ke3 46. Rg8 g4
47. Ra8 Kf2 48. hxg4 Rxg4 49. Kh3 Ra4 50. g3 Ra3 51. Kh2 Kf3 52. Rf8 Ra2+ 53.
Kh3 Ke4 54. Re8+ Kd4 55. Rf8 Ke5 56. Re8+ Kf6 57. Rf8+ Ke6 58. Re8+ Kf7 59. Ra8
a4 60. Ra6 a3 61. Ra8 Kf6 62. Rf8+ Ke5 63. Ra8 Ke4 64. Ra5 Ra1 65. Kg2 a2 66.
Ra8 Ke5 67. Ra7 Kf6 68. Ra8 Kg6 69. Rg8+  1/2-1/2

[Event "2. BUNDESLIGA MITTE 2019/2020"]
[Site "Taufkirchen"]
[Date "2019.11.08"]
[Round "4"]
[Board "3"]
[White "Wanderer, Thomas"]
[Black "Taggatz, Mario"]
[Result "0-1"]
[WhiteElo "2229"]
[BlackElo "2207"]
[PlyCount "96"]
[EventDate "2019.10.11"]
[EventType "team"]
[EventRounds "11"]
[EventCountry "AUT"]
[WhiteTeam "EJ Gleisdorf"]
[BlackTeam "SPG Sauwald"]

1. Nf3 d5 2. c4 dxc4 3. Na3 a6 4. Nxc4 b5 5. Ne3 Bb7 6. g3 e6 7. Bg2 Nd7 8. O-O
Ngf6 9. a4 c5 10. b3 Be7 11. Bb2 O-O 12. d3 Qb6 13. Ra2 Nd5 14. Nxd5 Bxd5 15.
e4 Bc6 16. Qe2 Rfd8 17. d4 Bb7 18. Rc1 Rac8 19. a5 Qa7 20. Bh3 cxd4 21. Rxc8
Rxc8 22. Nxd4 Nf8 23. Ra1 Bc5 24. Nf3 Bxf2+ 25. Kf1 Qe3 26. Re1 Qxe2+ 27. Rxe2
Bc5 28. Bc3 Be7 29. Be1 Rc1 30. Bg2 Bb4 31. Kf2 Bc5+ 32. Kf1 f6 33. e5 Bd5 34.
Nd2 Bxg2+ 35. Kxg2 Rc2 36. Kf3 f5 37. g4 fxg4+ 38. Kxg4 Bb4 39. Re4 Bxd2 40.
Re2 Nd7 41. Bxd2 Nc5 42. b4 Nb3 43. Re3 Nxd2 44. Rd3 Nc4 45. Rd8+ Kf7 46. Rd7+
Kg6 47. Ra7 Nxe5+ 48. Kg3 Rc6  0-1

[Event "2. BUNDESLIGA MITTE 2019/2020"]
[Site "Taufkirchen"]
[Date "2019.11.08"]
[Round "4"]
[Board "4"]
[White "Hiermann, Dietmar"]
[Black "Manhardt, Thomas"]
[Result "1-0"]
[WhiteElo "2239"]
[BlackElo "2289"]
[PlyCount "103"]
[EventDate "2019.10.11"]
[EventType "team"]
[EventRounds "11"]
[EventCountry "AUT"]
[WhiteTeam "SPG Sauwald"]
[BlackTeam "EJ Gleisdorf"]

1. e4 c5 2. Nf3 Nc6 3. Nc3 Nf6 4. g3 e5 5. Bg2 Be7 6. d3 d6 7. Nd2 Be6 8. Nc4
d5 9. exd5 Nxd5 10. Ne3 Nxc3 11. bxc3 Qd7 12. c4 O-O 13. O-O Rad8 14. Bb2 Bd6
15. Nd5 Nd4 16. a4 b6 17. Qd2 Bb8 18. Rfb1 Rfe8 19. Bxd4 exd4 20. a5 Bg4 21.
axb6 axb6 22. Nxb6 Qf5 23. Nd5 Bd6 24. Re1 h5 25. Rxe8+ Rxe8 26. Re1 Rxe1+ 27.
Qxe1 g6 28. f4 Kg7 29. Qf2 Qe6 30. Bf3 Bh3 31. Qe2 Qc8 32. c3 dxc3 33. Nxc3 Qa6
34. Qb2 Kg8 35. Kf2 Bf8 36. Qa2 Qd6 37. Bd5 Bg7 38. Qa8+ Kh7 39. Ne4 Bd4+ 40.
Ke1 Qe7 41. Bxf7 Bf5 42. Bd5 h4 43. Kf1 Bh3+ 44. Ke2 Bf5 45. Kf3 hxg3 46. hxg3
Qd7 47. Qf8 Bg4+ 48. Kg2 Qg7 49. Ng5+ Kh6 50. Nf7+ Kh7 51. Qe7 Bf6 52. Qxc5  1-0

[Event "2. BUNDESLIGA MITTE 2019/2020"]
[Site "Taufkirchen"]
[Date "2019.11.08"]
[Round "4"]
[Board "5"]
[White "Frosch, Erich"]
[Black "Hellmayr, Alois"]
[Result "1/2-1/2"]
[WhiteElo "2188"]
[BlackElo "2242"]
[PlyCount "64"]
[EventDate "2019.10.11"]
[EventType "team"]
[EventRounds "11"]
[EventCountry "AUT"]
[WhiteTeam "EJ Gleisdorf"]
[BlackTeam "SPG Sauwald"]

1. d4 Nf6 2. Nf3 e6 3. e3 d5 4. Be2 b6 5. O-O Bb7 6. Ne5 Be7 7. Nd2 O-O 8. f4
Ne4 9. Nxe4 dxe4 10. Bd2 c5 11. c3 Nc6 12. Nxc6 Bxc6 13. Be1 Qd7 14. Qc2 Rad8
15. Rd1 Qc8 16. Qb3 Kh8 17. g4 cxd4 18. cxd4 Qd7 19. Qc2 Rc8 20. Qb1 Bd5 21.
Bg3 f5 22. Rc1 Rxc1 23. Rxc1 Rc8 24. Bb5 Qb7 25. gxf5 exf5 26. b3 h6 27. Rxc8+
Qxc8 28. Qf1 Qc3 29. Qe2 Kh7 30. Bd7 g6 31. Bf2 Bf7 32. Kg2 Qc7  1/2-1/2

[Event "2. BUNDESLIGA MITTE 2019/2020"]
[Site "Taufkirchen"]
[Date "2019.11.08"]
[Round "4"]
[Board "6"]
[White "Bittner, Rudolf Jun."]
[Black "Wegerer, Fred"]
[Result "1/2-1/2"]
[WhiteElo "1957"]
[BlackElo "2166"]
[PlyCount "59"]
[EventDate "2019.10.11"]
[EventType "team"]
[EventRounds "11"]
[EventCountry "AUT"]
[WhiteTeam "SPG Sauwald"]
[BlackTeam "EJ Gleisdorf"]

1. e4 c5 2. Nf3 e6 3. d4 cxd4 4. Nxd4 Nf6 5. Nc3 Nc6 6. Ndb5 Bc5 7. Be3 Bxe3 8.
Nd6+ Ke7 9. fxe3 Qb6 10. Nc4 Qc5 11. Na4 Qg5 12. Qd6+ Kd8 13. Nc3 Ne8 14. Qf4
Qc5 15. O-O-O f6 16. Na4 Qe7 17. Nc3 Qc5 18. Na4 Qb4 19. Nc3 a6 20. a3 Qe7 21.
Nb6 Rb8 22. Nca4 Ne5 23. Be2 d6 24. Rd2 Bd7 25. Nxd7 Qxd7 26. Nc5 Qc6 27. Nb3
Ke7 28. Rhd1 b5 29. g4 g5 30. Qg3  1/2-1/2

[Event "2. BUNDESLIGA MITTE 2019/2020"]
[Site "Taufkirchen"]
[Date "2019.11.08"]
[Round "4"]
[Board "1"]
[White "Haba, Petr"]
[Black "Nemeth, Miklos"]
[Result "1/2-1/2"]
[WhiteElo "2470"]
[BlackElo "2487"]
[PlyCount "173"]
[EventDate "2019.10.11"]
[EventType "team"]
[EventRounds "11"]
[EventCountry "AUT"]
[WhiteTeam "SPG Sparkasse SEDDA Grieskirchen/Schalle"]
[BlackTeam "SV Steyregg"]

1. d4 Nf6 2. c4 e6 3. g3 Bb4+ 4. Nd2 c5 5. Ngf3 cxd4 6. Nxd4 Nc6 7. Nc2 Be7 8.
Bg2 d5 9. cxd5 Nxd5 10. O-O O-O 11. Nc4 b5 12. N4e3 Nxe3 13. Bxe3 Bb7 14. Nd4
Nxd4 15. Bxb7 Rb8 16. Be4 e5 17. Qd3 g6 18. Rfd1 Bc5 19. Bxd4 exd4 20. Rac1 Qe7
21. Rc2 Rfd8 22. Rdc1 Bb6 23. Qf3 Qe5 24. Bd3 Kg7 25. Qe4 Qxe4 26. Bxe4 Rd6 27.
Bd3 a6 28. Rc6 Rbd8 29. b4 Kf6 30. Rxd6+ Rxd6 31. Rc8 Ke5 32. Ra8 Bc7 33. Kg2
f5 34. Bc2 h6 35. f4+ Kf6 36. Ra7 Bd8 37. h4 Re6 38. Kf1 Be7 39. Bb3 Re3 40.
Kf2 Kg7 41. Rd7 Kf8 42. Rxd4 Rc3 43. e3 Rc7 44. Ke2 Kg7 45. Kd3 Rc6 46. Rd7 Kf8
47. Bd5 Rc1 48. Ke2 Rc2+ 49. Kf1 Rd2 50. h5 gxh5 51. Be6 Rc2 52. Rd5 h4 53.
Rxf5+ Ke8 54. gxh4 Bxh4 55. Rh5 Be7 56. Rxh6 Bxb4 57. f5 Bf8 58. Rh7 Be7 59.
Rh8+ Bf8 60. Rh7 Be7 61. e4 Bf6 62. Ra7 b4 63. Rxa6 Bd4 64. Bd5 Rd2 65. Ke1 Bc3
66. Kf1 Bd4 67. Ra4 Rb2 68. Bb3 Rf2+ 69. Ke1 Rh2 70. Kd1 Bc3 71. Ra7 Rd2+ 72.
Kc1 Rf2 73. Bf7+ Kd8 74. Bd5 Bd4 75. Rb7 Bc3 76. Rb6 Kc7 77. Rc6+ Kd7 78. Rc4
Kd6 79. a4 Ke5 80. a5 Rf1+ 81. Kc2 Ra1 82. Rc5 Kd4 83. Rc4+ Ke5 84. Rc5 Kd4 85.
Rb5 Rxa5 86. Rxa5 b3+ 87. Kxb3  1/2-1/2

[Event "2. BUNDESLIGA MITTE 2019/2020"]
[Site "Taufkirchen"]
[Date "2019.11.08"]
[Round "4"]
[Board "2"]
[White "Kovacs, Gabor"]
[Black "Kilgus, Georg"]
[Result "1/2-1/2"]
[WhiteElo "2457"]
[BlackElo "2438"]
[PlyCount "61"]
[EventDate "2019.10.11"]
[EventType "team"]
[EventRounds "11"]
[EventCountry "AUT"]
[WhiteTeam "SV Steyregg"]
[BlackTeam "SPG Sparkasse SEDDA Grieskirchen/Schalle"]

1. d4 Nf6 2. Nf3 d5 3. c4 e6 4. Nc3 c5 5. e3 cxd4 6. exd4 Be7 7. Bd3 dxc4 8.
Bxc4 O-O 9. O-O Nc6 10. a3 b6 11. Bg5 Bb7 12. Ba2 Rc8 13. Qd3 Na5 14. Rad1 Re8
15. Rfe1 Nd5 16. Bxe7 Rxe7 17. Ng5 g6 18. Qh3 h5 19. Nxe6 Rxe6 20. Rxe6 Nf4 21.
Qg3 Nxe6 22. Bxe6 fxe6 23. Qxg6+ Kf8 24. Qh6+ Ke7 25. d5 Bxd5 26. Qg7+ Ke8 27.
Nxd5 Qxd5 28. Qg8+ Ke7 29. Qg7+ Ke8 30. Qg8+ Ke7 31. Qg7+  1/2-1/2

[Event "2. BUNDESLIGA MITTE 2019/2020"]
[Site "Taufkirchen"]
[Date "2019.11.08"]
[Round "4"]
[Board "3"]
[White "Schwabeneder, Florian"]
[Black "Meyer, Gordon"]
[Result "1-0"]
[WhiteElo "2401"]
[BlackElo "2211"]
[PlyCount "79"]
[EventDate "2019.10.11"]
[EventType "team"]
[EventRounds "11"]
[EventCountry "AUT"]
[WhiteTeam "SPG Sparkasse SEDDA Grieskirchen/Schalle"]
[BlackTeam "SV Steyregg"]

1. c4 c5 2. g3 Nf6 3. Bg2 d5 4. cxd5 Nxd5 5. Nc3 Nc7 6. e3 Nc6 7. Nge2 e5 8.
O-O Be7 9. f4 exf4 10. Nxf4 O-O 11. Qh5 g6 12. Qe2 Ne5 13. h3 Bf6 14. Ne4 Be7
15. d4 cxd4 16. exd4 Qxd4+ 17. Be3 Qa4 18. Rac1 Nc6 19. Nc5 Qa5 20. a3 Rb8 21.
Rfd1 Re8 22. Qf2 Ne5 23. Bd4 Nc6 24. b4 Qxa3 25. Bxc6 bxc6 26. Nfd3 Ne6 27. Ra1
Bxc5 28. Nxc5 Qxb4 29. Nxe6 Rxe6 30. Bc5 Qe4 31. Rd8+ Re8 32. Rxe8+ Qxe8 33.
Qf6 Rb7 34. Bd4 Kf8 35. Bc5+ Kg8 36. Bd4 Kf8 37. Qg7+ Ke7 38. Rd1 Rb5 39. Bf6+
Ke6 40. Re1+  1-0

[Event "2. BUNDESLIGA MITTE 2019/2020"]
[Site "Taufkirchen"]
[Date "2019.11.08"]
[Round "4"]
[Board "5"]
[White "Singer, Christoph"]
[Black "Wiesinger, Robert"]
[Result "1/2-1/2"]
[WhiteElo "2338"]
[BlackElo "2230"]
[PlyCount "179"]
[EventDate "2019.10.11"]
[EventType "team"]
[EventRounds "11"]
[EventCountry "AUT"]
[WhiteTeam "SPG Sparkasse SEDDA Grieskirchen/Schalle"]
[BlackTeam "SV Steyregg"]

1. e4 e5 2. Nf3 Nc6 3. Bc4 Bc5 4. d3 Nf6 5. O-O a6 6. c3 Ba7 7. Bb3 d6 8. Re1
O-O 9. h3 Be6 10. Bc2 d5 11. exd5 Qxd5 12. Bg5 Nh5 13. Nbd2 h6 14. Be3 Bxe3 15.
Rxe3 Nf4 16. Ne4 Rfe8 17. b4 Qd8 18. Qd2 Nd5 19. Ree1 Nf6 20. Ng3 Bd5 21. Qe3
Qd7 22. Nh4 Be6 23. Qf3 Bd5 24. Qe2 Be6 25. Nh5 Qd8 26. Nxf6+ Qxf6 27. Nf3 Bd5
28. Nd2 Rad8 29. Ne4 Qg6 30. f3 Ne7 31. Nc5 Bc6 32. d4 Qg5 33. Qxe5 Qd2 34. Bb3
Nd5 35. Qg3 Nxc3 36. Kh1 Qxd4 37. Qxc7 Nd5 38. Qg3 Qxb4 39. Ne4 Kh8 40. Rab1
Qf8 41. Rbc1 f5 42. Nc5 Rxe1+ 43. Qxe1 Qd6 44. Qh4 a5 45. Nd3 Nf6 46. Nf4 Kh7
47. Ne6 Rd7 48. Rd1 Bd5 49. Re1 Bxb3 50. axb3 Kg8 51. Qc4 Kh7 52. Qc8 Rf7 53.
Nd8 Qd7 54. Qc4 Rf8 55. Ne6 Re8 56. Qc5 Kh8 57. Qxf5 Qd5 58. Re5 Qxb3 59. f4 a4
60. Kh2 a3 61. Nc5 Qc4 62. Rxe8+ Nxe8 63. Ne6 Nf6 64. Nf8 a2 65. Ng6+ Kg8 66.
Qa5 h5 67. f5 Kh7 68. Qd8 Qg8 69. Qa5 Qd5 70. Qa8 Qxf5 71. Nf8+ Kh6 72. Qxa2
Ng4+ 73. hxg4 Qxf8 74. Qd2+ g5 75. Qd7 Qf4+ 76. g3 Qf2+ 77. Kh3 Qf1+ 78. Kh2
Qe2+ 79. Kg1 Qe1+ 80. Kg2 Qe4+ 81. Kh2 hxg4 82. Qd6+ Kg7 83. Qd7+ Kf6 84. Qd8+
Kf5 85. Qd7+ Ke5 86. Qe7+ Kd4 87. Qb4+ Kd3 88. Qb1+ Kd4 89. Qb4+ Kd3 90. Qb1+
 1/2-1/2